BUBT Library Online Catalog

Introduction to AI Robotics (Record no. 5382)

000 -LEADER
fixed length control field 00528nam a22001937a 4500
003 - CONTROL NUMBER IDENTIFIER
control field BUBTL
008 - FIXED-LENGTH DATA ELEMENTS--GENERAL INFORMATION
fixed length control field 161115b xxu||||| |||| 00| 0 eng d
020 ## - INTERNATIONAL STANDARD BOOK NUMBER
International Standard Book Number 978-81-203-2458-9
082 ## - DEWEY DECIMAL CLASSIFICATION NUMBER
Classification number 629.892MUI
100 ## - MAIN ENTRY--PERSONAL NAME
9 (RLIN) 924
Personal name Murphy,Robin R.
245 ## - TITLE STATEMENT
Title Introduction to AI Robotics
260 ## - PUBLICATION, DISTRIBUTION, ETC. (IMPRINT)
Place of publication, distribution, etc. Delhi
Name of publisher, distributor, etc. PHI Learning
Date of publication, distribution, etc. c2013
300 ## - PHYSICAL DESCRIPTION
Extent [xix],466p.
Other physical details ills.
Dimensions 23cm.
650 #0 - SUBJECT ADDED ENTRY--TOPICAL TERM
9 (RLIN) 926
Topical term or geographic name as entry element Textile Engineering
700 ## - ADDED ENTRY--PERSONAL NAME
9 (RLIN) 925
Personal name Murphy,Robin R.
856 ## - ELECTRONIC LOCATION AND ACCESS
Password 0
Logon 0
Link text Download
942 ## - ADDED ENTRY ELEMENTS (KOHA)
Source of classification or shelving scheme
Koha item type Books
Holdings
Withdrawn status Lost status Source of classification or shelving scheme Damaged status Not for loan Collection code Permanent location Current location Shelving location Date acquired Inventory number Total Checkouts Full call number Barcode Date last seen Copy number Price effective from Koha item type
        Not For Loan Non-fiction Bangladesh University of Business and Technology Library Bangladesh University of Business and Technology Library Textile Engineering Stacks 11/23/2014 19674   629.892MUI BUBTL-200319674 11/15/2016 C-1 11/15/2016 Books
          Non-fiction Bangladesh University of Business and Technology Library Bangladesh University of Business and Technology Library Textile Engineering Stacks 11/23/2014 19675   629.892MUI BUBTL-200319675 11/15/2016 C-2 11/15/2016 Books
          Non-fiction Bangladesh University of Business and Technology Library Bangladesh University of Business and Technology Library Textile Engineering Stacks 11/23/2014 19676   629.892MUI BUBTL-200319676 11/15/2016 C-3 11/15/2016 Books
          Non-fiction Bangladesh University of Business and Technology Library Bangladesh University of Business and Technology Library Textile Engineering Stacks 11/23/2014 19677   629.892MUI BUBTL-200319677 11/24/2022 C-4 11/15/2016 Books
          Non-fiction Bangladesh University of Business and Technology Library Bangladesh University of Business and Technology Library Textile Engineering Stacks 11/15/2016 19678   629.892MUI BUBTL-200319678 11/15/2016 C-5 11/15/2016 Books

More Information About Library

Library Hours

  • Open: 9.00 am. to 9.00 pm.
  • Only Sunday: 9.00 am. to 6.00 pm.
  • Closed: Holiday

Contact to the University

Bangladesh University of Business and Technology Library

  • Mirpurl-2, 1216.
  • Phone:
  • Fax:
  • E-Mail: admin.library@bubt.edu.bd

Contact to the Library

Contact Person:

Md. Abdul Hakim Shah
Joint Librarian
PABX No:  113
Cell No: 01816332931
E-mail: official: admin.library@bubt.edu.bd
Personal: hakim.shah@bubt.edu.bd


BUBT Library

Copyright © 2021